Talent masters : (Record no. 208703)
[ view plain ]
| 000 -LEADER | |
|---|---|
| fixed length control field | 00809nam a2200253Ia 4500 |
| 003 - CONTROL NUMBER IDENTIFIER | |
| control field | OSt |
| 005 - DATE AND TIME OF LATEST TRANSACTION | |
| control field | 20231013144432.0 |
| 008 - FIXED-LENGTH DATA ELEMENTS--GENERAL INFORMATION | |
| fixed length control field | 210716s2011 xx 000 0 und d |
| 020 ## - INTERNATIONAL STANDARD BOOK NUMBER | |
| International Standard Book Number | 9781847940728 |
| 040 ## - CATALOGING SOURCE | |
| Transcribing agency | AIMIT LIBRARY |
| 041 ## - LANGUAGE CODE | |
| Language code of text/sound track or separate title | eng |
| 082 ## - DEWEY DECIMAL CLASSIFICATION NUMBER | |
| Classification number | 374.22 |
| Edition number | 1 |
| Item number | CONB |
| 100 ## - MAIN ENTRY--PERSONAL NAME | |
| Personal name | Conaty, Bill. |
| 9 (RLIN) | 137978 |
| 245 ## - TITLE STATEMENT | |
| Title | Talent masters : |
| Remainder of title | why smart leaders put people before numbers / |
| Statement of responsibility, etc. | By Bill Conaty and Ram Charan. |
| 250 ## - EDITION STATEMENT | |
| Edition statement | 1st ed. |
| 260 ## - PUBLICATION, DISTRIBUTION, ETC. | |
| Place of publication, distribution, etc. | London : |
| Name of publisher, distributor, etc. | Random House , |
| Date of publication, distribution, etc. | 2011. |
| 300 ## - PHYSICAL DESCRIPTION | |
| Extent | 320p. ; |
| Other physical details | PB |
| Dimensions | 23.3 cm |
| 650 ## - SUBJECT ADDED ENTRY--TOPICAL TERM | |
| Topical term or geographic name entry element | General Management |
| 9 (RLIN) | 137979 |
| 651 ## - SUBJECT ADDED ENTRY--GEOGRAPHIC NAME | |
| Geographic name | The special expertise talent master |
| 9 (RLIN) | 137980 |
| 651 ## - SUBJECT ADDED ENTRY--GEOGRAPHIC NAME | |
| Geographic name | Becoming a talent master |
| 9 (RLIN) | 137981 |
| 651 ## - SUBJECT ADDED ENTRY--GEOGRAPHIC NAME | |
| Geographic name | The talent master toolkit |
| 9 (RLIN) | 137982 |
| 700 ## - ADDED ENTRY--PERSONAL NAME | |
| Personal name | Charan, Ram. |
| 9 (RLIN) | 137983 |
| 942 ## - ADDED ENTRY ELEMENTS (KOHA) | |
| Source of classification or shelving scheme | Dewey Decimal Classification |
| Koha item type | Book |
| Edition | 1st |
| Call number prefix | 374.22 CONB |
| Withdrawn status | Lost status | Source of classification or shelving scheme | Damaged status | Not for loan | Collection code | Home library | Current library | Date acquired | Cost, normal purchase price | Inventory number | Total Checkouts | Full call number | Barcode | Date last seen | Cost, replacement price | Price effective from | Koha item type |
|---|---|---|---|---|---|---|---|---|---|---|---|---|---|---|---|---|---|
| Dewey Decimal Classification | MBA | St Aloysius Institute of Management & Information Technology | St Aloysius Institute of Management & Information Technology | 10/18/2014 | 799.00 | Bill no:740; Bill dt:2014-09-23 | 374.22 CONB | MBA11269 | 05/23/2026 | 599.25 | 07/16/2021 | Book |